| 000 | 02549nam a2200277 4500 | ||
|---|---|---|---|
| 001 | ESSALUD | ||
| 005 | 20260701101443.0 | ||
| 007 | ta | ||
| 008 | t pe ||||| |||| 00| 0 spa d | ||
| 040 | _aBMG | ||
| 041 | _aspa | ||
| 100 |
_aMejorada Chauca, Martín _eAutor _947592 |
||
| 245 | _aModificaciones en la recuperación de bienes del Estado ¿Acierto o retroceso? | ||
| 246 | _aAmendments to the recovery of State-owned property. Progress or regression? | ||
| 300 | _apáginas 9-11 | ||
| 520 | _aEn una reciente sentencia de amparo del Tribunal Constitucional (Expediente N° 161-2022-PA/TC), se ha interpretado la Ley N° 30230 para establecer que no se puede aplicar la facultad del Estado de recuperar sus bienes si existe duplicidad de partidas, por lo que previamente se debe resolver en juicio quién tiene el derecho. El autor considera que esta es una sentencia equivocada, que condena al Estado a litigar por varios años antes de acceder a sus bienes, postergando el interés público frente a ciertos intereses particulares. Igualmente, afirma que, lamentablemente, dicha situación ha quedado convalidada por el Decreto Legislativo Nº 1726, del 11 febrero de 2026, norma que ha eliminado toda ventaja que tenía el Estado contra "ocupantes ilegales". | ||
| 520 | _aIn a recent constitutional re lief judgment (Amparo proceedings, Case No. 161 -2022-PA/TC), the Constitutional Court interpreted Law No. 30230 to establish that the State's authority to recover its property cannot be exercised in cases involving overlapping title deeds. Consequently, the rightful ownership must be adjudicated in court prior to recovery. The author contends that this is an erroneous ruling that condemns the State ta years of litigation before regaining access to its assets, thereby subordinating the public interest to certain private interests. Furthermore, the author asserts that this situation has been unfortunately validated by Legislative Decree No. 1726, issued on February 11, 2026-a regulation that has eliminated the legal advantages the State previously held against "illegal occupants" | ||
| 650 |
_aBIENES DEL ESTADO _953019 |
||
| 650 |
_aOCUPANTES ILEGALES _953020 |
||
| 650 |
_aDESALOJO EXTRAJUDICIAL _953021 |
||
| 650 |
_aSTATE-AWNED PROPERTY _953028 |
||
| 650 |
_aILEGAL OCCUPANTS _953029 |
||
| 650 |
_aEXTRAJUDICIAL EVICTION _953030 |
||
| 773 | 0 |
_022573 _922621 _dLima Grupo Praxis Formación Profesional, 2026- _oPRA002 _tPraxis Civil & Procesal Civil _wESSALUD _x3119-7671 |
|
| 942 |
_cARTICULOS _e2026-07-01 _zsqb |
||
| 999 |
_c22590 _d22590 |
||